LEADER 01262nam1-2200421---450- 001 990000324540203316 005 20101021160851.0 035 $a0032454 035 $aUSA010032454 035 $a(ALEPH)000032454USA01 035 $a0032454 100 $a20010116f2008----|||||itac50 ba 101 $aita 102 $aIT 200 1 $a<> sergente$fMarco Paolini 210 $aTorino$cEinaudi$d[2008?] 215 $a1 kit (1 DVD, 1 volume)$din contenitore, 21x14x3 cm 225 0 $aEinaudi stile libero. DVD 300 $aTit. del contenitore 410 1$1001$12001$aEinaudi stile libero. DVD 676 $a792.92 702 1$aPAOLINI,$bMarco 801 0$aIT$bICCU$c20090927 912 $a990000324540203316 951 $aXVIII.UMA. 36$b2606 L.G. 959 $aER 969 $aER 979 $aTAMI$b40$c20010116$lUSA01$h1156 979 $aTAMI$b40$c20010116$lUSA01$h1202 979 $aTAMI$b40$c20010116$lUSA01$h1203 979 $aTAMI$b40$c20010116$lUSA01$h1557 979 $c20020403$lUSA01$h1640 979 $aPATRY$b90$c20040406$lUSA01$h1623 979 $aRSIAV4$b90$c20090907$lUSA01$h1340 979 $aPATRY$b90$c20101021$lUSA01$h1559 979 $aPATRY$b90$c20101021$lUSA01$h1608 996 $aSergente$9880102 997 $aUNISA LEADER 01704nam 22005414a 450 001 9910455362403321 005 20200520144314.0 010 $a1-4175-2186-4 035 $a(CKB)111090425051354 035 $a(OCoLC)56072862 035 $a(CaPaEBR)ebrary10058004 035 $a(SSID)ssj0000095792 035 $a(PQKBManifestationID)11127827 035 $a(PQKBTitleCode)TC0000095792 035 $a(PQKBWorkID)10074465 035 $a(PQKB)11225343 035 $a(MiAaPQ)EBC3116916 035 $a(Au-PeEL)EBL3116916 035 $a(CaPaEBR)ebr10058004 035 $a(OCoLC)922967007 035 $a(EXLCZ)99111090425051354 100 $a20010612d2001 uy 0 101 0 $aeng 135 $aurcn||||||||| 181 $ctxt 182 $cc 183 $acr 200 10$a50 one-minute tips for recruiting employees$b[electronic resource] $efinding the right people for your organization /$fDavid K. Hayes and Jack D. Ninemeier 210 $aMenlo Park, Calif. $cCrisp Publications$dc2001 215 $a1 online resource (118 p.) 225 1 $aFifty-minute series book 300 $aBibliographic Level Mode of Issuance: Monograph 311 $a1-56052-645-9 320 $aIncludes bibliographical references (p. 110). 410 0$aFifty-Minute series. 606 $aEmployees$xRecruiting 608 $aElectronic books. 615 0$aEmployees$xRecruiting. 676 $a658.3/111 700 $aHayes$b David K$059854 701 $aNinemeier$b Jack D$0865479 801 0$bMiAaPQ 801 1$bMiAaPQ 801 2$bMiAaPQ 906 $aBOOK 912 $a9910455362403321 996 $a50 one-minute tips for recruiting employees$92261583 997 $aUNINA